Statistics for Movie Titles by Emoji

Click here to take the quiz!

General Stats

  • This quiz has been taken 84,574 times
  • The average score is 12 of 21

Answer Stats

EmojisYearMovie% Correct
1994The Lion King
96%
1968The Planet of the Apes
79%
2006Snakes on a Plane
70%

1984Sixteen Candles
69%
2004I, Robot
68%
1952Singin' in the Rain
68%
2004Anchorman
62%
1991The Silence of the Lambs
61%
1971A Clockwork Orange
59%
2001Swordfish
59%
2003Bad Santa
58%

1994Four Weddings and a Funeral
55%
2011Puss in Boots
55%
1985The Breakfast Club
52%
1987Three Men and a Baby
51%
1990Dances with Wolves
44%
1987Planes, Trains, and Automobiles
43%
1940The Grapes of Wrath
39%
2016Deadpool
34%
1982Blade Runner
30%
1964Goldfinger
14%

Score Distribution

Percentile by Number Answered

Percent of People with Each Score

Your Score History

You have not taken this quiz